Statystyki dla Najlepsze Gry na PlayStation 3 - Według Serwisu Metacritic

Kliknij tutaj aby rozwiązać quiz!

Ogólne statystyki

  • Ten quiz został rozwiązany 217 razy
  • Średni wynik to 22 z 100

Statystyki odpowiedzi

Średnia na MetacrticProducentGatunekTytuł% Poprawnych
97RockstarSandbox - AkcjaGrand Theft Auto V
94%
98RockstarSandbox - AkcjaGrand Theft Auto IV
90%
86Electronic Arts/EA SportsSportowaFIFA 14
70%
88Naughty DogTPP ShooterUncharted: Drake's Fortune
66%
90Electronic Arts/EA SportsSportowaFIFA 12
65%
88Electronic Arts/EA SportsSportowaFIFA 13
64%
95RockstarSandbox - AkcjaRead Dead Redemption
64%
91Electronic Arts/EA SportsSportowaFIFA 10
62%
89Electronic Arts/EA SportsSkradankaFIFA 11
62%
96Naughty DogTPP Shooter - Action AdventureUncharted 2: Among Thieves
59%
87Electronic Arts/EA SportsSportowaFIFA 09
57%
92Naughty DogTPP Shooter - Action AdventureUncharted 3: Drake's Deception
57%
86MojangCrafterMinecraft
44%
95Naughty DogSkradanka - Action AdventureThe Last of Us
44%
92BethesdaRPGThe Elder Scrolls V: Skyrim
42%
95ValvePlatformówka - LogicznaPortal 2
41%
88Treyarch/ActivisionFPSCall of Duty: Black Ops
38%
90BethesdaRPGFallout 3
38%
902K SportsSportowaNBA 2K12
36%
86DICEFPSBattlefield 3
35%
91UbisoftSkradanka - Action AdventureAssassin's Creed II
33%
94Infinity Ward/ActivisionFPSCall of Duty: Modern Warfare 2
33%
92SCE Santa MonicaSlasherGod of War III
33%
94TelltalePrzygodowa - Gra/FilmThe Walking Dead
33%
892K SportsSportowaNBA 2K11
32%
94Infinity Ward/ActivisionFPSCall of Duty 4: Moden Warfare
30%
85UbisoftSkradanka - Action AdventureAssassin's Creed III
29%
90UbisoftSandbox - FPSFar Cry 3
27%
89From SoftwareRPGDark Souls
25%
93BethesdaRPGThe Elder Scrolls IV: Oblivion
24%
88UbisoftSkradanka - Action AdventureAssassin's Creed IV: Black Flag
23%
88Infinity Ward/ActivisionFPSCall of Duty: Modern Warfare 3
23%
89ValveFPSThe Orange Box
23%
90UbisoftSkradanka - Action AdventureAssassins Creed: Brotherhood
22%
96RocksteadyAction AdventureBatman: Arkham City
22%
91FromSoftwareRPGDark Souls II
22%
86Activision BlizzardHack & SlashDiablo III
22%
85UbisoftFPSFar Cry 2
22%
93BiowareRPGMass Effect 3
22%
85CrytekFPSCrysis 2
21%
87Quantic DreamPrzygodówkaHeavy Rain
21%
95Media MoleculePlatformerLittle Big Planet
21%
91UbisoftPlatformówkaRayman Legends
20%
91RocksteadyAction AdventureBatman: Arkham Asylum
18%
94Irrational GamesFPSBioshock
18%
91GearboxFPS - Loot ShooterBorderlands 2
18%
87UbisoftPlatformówkaRayman Origins
18%
91Media MoleculePlatformówkaLittle Big Planet 2
16%
92HarmonixMuzycznaRock Band
16%
87BiowareRPGDragon Age: Origins
15%
88DICEFPSBattlefield: Bad Company 2
14%
88Irrational GamesFPSBioshock 2
13%
91GuerrillaFPSKillzone 2
13%
89Rockstar/Team BondiPrzygodowa - Action AdventureL.A. Noire
13%
87RockstarTPP ShooterMax Payne 3
13%
91HarmonixMuzycznaRock Band 2
13%
94CapcomBijatykaStreet Fighter IV
13%
94Kojima Productions/KonamiSkradankaMetal Gear Solid 4: Guns of the Patriots
12%
85Telltale GamesPrzygodówka - Gra/FilmThe Wolf Among Us
12%
85Treyarch/ActivisionFPSCall of Duty: World at War
11%
87CodemastersWyścigiDIRT 2
11%
87CodemastersWyścigiDIRT 3
11%
91HarmonixMuzycznaRock Band 3
11%
87CodemastersWyścigiGRID
10%
86NeversoftMuzycznaGuitar Hero 5
10%
87Crystal DynamicsTPP Shooter - Action AdventureTomb Raider
10%
88Visceral GamesSurvival HorrorDead Space
9%
89From SoftwareRPGDemon's Souls
9%
89Criterion GamesWyścigiNeed for Speed: Hot Pursuit
9%
89Visceral GamesSurvivol HorrorDead Space 2
8%
89ArkaneSkradankaDishonored
8%
87Criterion GamesWyścigiBurnout: Paradise
7%
87Platinum GamesSlasherBayonetta
6%
89EidosSkradanka - Action Adventure - FPSDeus Ex: Human Revolution
5%
86AtlusBijatykaPersona 4: Arena
5%
86FreeStyleGames/ActivisionMuzycznaDJ Hero
4%
87Insomniac GamesFPSResistance 2
4%
86Insomniac GamesFPSResistance: Fall of Man
4%
86THQSportowa - BijatykaUFC Undisputed 3
4%
88Electronic Arts/EA SportsSportowaNHL 11
3%
85Namco BandaiBijatykaSoul Calibur IV
3%
86FreeStyleGames/ActivisionMuzycznaDJ Hero 2
2%
88Electronic Arts/EA SportsSportowaNHL 10
2%
85Level-5jRPGNi No Kuni: Wrath of the White Which
2%
87InsomniacPlatformówka - ShooterRatchet & Clank: A Crack in Time
2%
89Insomniac GamesPlatformer - ShooterRatchet & Clank: Tools of Destruction
2%
86UbisoftMuzycznaRocksmith
2%
86UbisoftFPSTom Clancy's Raibow Six Vegas
2%
94Irrational GamesFPSBioShock Infinate
1%
85Kojima Productions/KonamiSlasherCastlevania Lords of Shadows
1%
86NeversoftMuzycznGuitar Hero: Metallica
1%
85THQSandbox - AkcjaRed Faction: Guerrilla
1%
88HarmonixMuzycznaThe Beatles: Rock Band
1%
86XSEEDjRPGThe Legend of Heroes: Trails of Cold Steel
1%
86Epic GamesFPS - Online FPSUnreal Tournament III
1%
86SegajRPG - Tactical RPGValkyria Chronicles
1%
89Firaxis GamesStrategiaXCOM: Enemy Unknown
1%
87Aksys GamesBijatykaBlazBlue: Calamity Trigger
0%
90XSEED GamesjRPGThe Legend of Heroes: Trails of Cold Steel II
0%

Rozkład punktacji

Percentyl według liczby udzielonych odpowiedzi

Procent ludzi z każdym wynikiem

Twoja historia wyników

Nie rozwiązałeś tego quizu